| 000 | 00353nam a22001457a 4500 | ||
|---|---|---|---|
| 003 | SGT | ||
| 082 |
_a615.53 _bM14R |
||
| 100 | _aRAO,G.PRABHAKARA | ||
| 245 | _aMULTIPLE CHOISE QUESTION ON CARAKA SAMHITA | ||
| 260 |
_aVARANASI _bCHAUKHAMBHA PUB _c2014 |
||
| 300 | _a350 | ||
| 650 | _aCHARAK SAMHITA | ||
| 653 | _aMULTIPLE QUESTIONS | ||
| 942 |
_2ddc _cBK _010 |
||
| 999 |
_c8362 _d8362 |
||